[Event "CYCC U12"]
[Site "Ottawa CAN"]
[Date "2013.07.11"]
[Round "4"]
[White "Zotkin, Daniel"]
[Black "Zhao, Yue Tong (Davy)"]
[Result "1-0"]
[WhiteElo "1942"]
[BlackElo "1873"]
[PlyCount "75"]
[GameId "2160767909326423"]
[EventDate "2013.07.10"]
[EventType "swiss"]
[EventRounds "6"]
[EventCountry "CAN"]
[SourceTitle "hb 2013"]

1. e4 c5 2. Nf3 e6 3. d4 cxd4 4. Nxd4 a6 5. Bd3 Qc7 6. c4 Nf6 7. O-O d6 8. Nc3 Be7 9. Be3 b6 10. f4 Bb7 11. Qf3 Nbd7 12. Nb3 Bd8 13. Qg3 Rg8 14. Bd4 Rc8 15. e5 Nh5 16. Qf2 g6 17. exd6 Qxd6 18. Rad1 Bc7 19. Be3 Qe7 20. c5 b5 21. Be4 Bxe4 22. Nxe4 Nhf6 23. Nd6+ Bxd6 24. cxd6 Qf8 25. Nc5 Rxc5 26. Bxc5 Ne4 27. Qf3 Ndxc5 28. b4 Kd7 29. bxc5 Nxc5 30. Qa3 Na4 31. Rc1 Qb8 32. Rc7+ Kd8 33. Rfc1 Rh8 34. Rc8+ Qxc8 35. Rxc8+ Kxc8 36. Qc1+ Kb8 37. Qc7+ Ka8 38. d7 1-0

[Event "CYCC U12"]
[Site "Ottawa CAN"]
[Date "2013.07.12"]
[Round "5"]
[White "Balachandran, Henushan"]
[Black "Belec, Stephane"]
[Result "1-0"]
[WhiteElo "968"]
[BlackElo "518"]
[PlyCount "135"]
[GameId "2160767909326425"]
[EventDate "2013.07.10"]
[EventType "swiss"]
[EventRounds "6"]
[EventCountry "CAN"]
[SourceTitle "hb 2013"]

1. c4 e5 2. Nc3 Bb4 3. d3 Nf6 4. Nf3 Nc6 5. g3 O-O 6. a3 Bd6 7. Bg2 b6 8. O-O Bb7 9. d4 Re8 10. Nd5 h6 11. Nxf6+ Qxf6 12. dxe5 Nxe5 13. Nxe5 Bxg2 14. Nxd7 Qe6 15. Kxg2 Qxd7 16. Bf4 Rad8 17. Bxd6 Qxd6 18. Qxd6 Rxd6 19. e3 Red8 20. Kf3 a6 21. Ke2 b5 22. cxb5 axb5 23. Rfd1 c5 24. Rxd6 Rxd6 25. Rd1 Ra6 26. b4 cxb4 27. axb4 Rg6 28. Rd8+ Kh7 29. Rb8 Rg5 30. f4 Rh5 31. h4 g6 32. g4 Rd5 33. Kf3 h5 34. gxh5 gxh5 35. Ke4 Rd2 36. Rxb5 Rb2 37. Rxh5+ Kg6 38. Rg5+ Kh6 39. b5 f6 40. Rf5 Kg6 41. Rd5 f5+ 42. Rxf5 Rb4+ 43. Kd5 Rxb5+ 44. Ke6 Rxf5 45. h5+ Rxh5 46. e4 Rh4 47. f5+ Kg7 48. f6+ Kf8 49. e5 Rh7 50. Kd6 Kg8 51. e6 Rf7 52. exf7+ Kxf7 53. Ke5 Kg8 54. Ke6 Kf8 55. f7 Kg7 56. Ke7 Kg6 57. f8=Q Kg5 58. Qf7 Kg4 59. Qf6 Kh5 60. Qg7 Kh4 61. Qg6 Kh3 62. Qg5 Kh2 63. Qg4 Kh1 64. Kf6 Kh2 65. Kf5 Kh1 66. Kf4 Kh2 67. Kf3 Kh1 68. Qg2# 1-0

[Event "CYCC U12"]
[Site "Ottawa CAN"]
[Date "2013.07.12"]
[Round "5"]
[White "Boushy, Declan Paul"]
[Black "Fox, Dylan"]
[Result "0-1"]
[WhiteElo "1029"]
[BlackElo "747"]
[PlyCount "150"]
[GameId "2160767909326426"]
[EventDate "2013.07.10"]
[EventType "swiss"]
[EventRounds "6"]
[EventCountry "CAN"]
[SourceTitle "hb 2013"]

1. d4 Nf6 2. e3 c6 3. Nf3 d6 4. Nbd2 Nbd7 5. b3 g6 6. Bb2 Bg7 7. Bd3 Qc7 8. O-O e5 9. dxe5 dxe5 10. Ne4 O-O 11. Nxf6+ Bxf6 12. e4 Rd8 13. Qe2 b5 14. Qe1 Nc5 15. Rd1 Be6 16. b4 Na4 17. Rb1 Bg4 18. h3 Be6 19. Bc1 Bxa2 20. Ra1 Be6 21. Bg5 Bxg5 22. Nxg5 a5 23. bxa5 Qxa5 24. Nxe6 Qxe1 25. Rfxe1 fxe6 26. Be2 Nc3 27. Bg4 Kf7 28. Rxa8 Rxa8 29. Bf3 Ra2 30. Rc1 g5 31. Kf1 Rb2 32. Bh5+ Ke7 33. Bf3 Kd6 34. Ke1 Kc5 35. Kd2 Nb1+ 36. Kd3 Kb4 37. Bg4 c5 38. c3+ Nxc3 39. Rxc3 c4+ 40. Ke3 Kxc3 41. Bxe6 Kc2 42. g3 c3 43. f4 gxf4+ 44. gxf4 exf4+ 45. Kxf4 Kd2 46. Bf5 h6 47. e5 c2 48. Bxc2 Rxc2 49. Kf5 Rc5 50. Kf6 b4 51. e6 Rc6 52. Kf7 Rxe6 53. h4 Re5 54. h5 Rxh5 55. Kg6 Rh1 56. Kf7 b3 57. Kg8 b2 58. Kh7 b1=Q+ 59. Kh8 Qb8+ 60. Kh7 Qb7+ 61. Kg8 Qg7+ 62. Kxg7 h5 63. Kh6 h4 64. Kh5 Ke2 65. Kg4 Kf2 66. Kh5 Kg3 67. Kg6 h3 68. Kg5 h2 69. Kf6 Rf1+ 70. Ke7 h1=Q 71. Kd7 Qe4 72. Kd6 Rd1+ 73. Kc5 Qc2+ 74. Kb4 Rb1+ 75. Ka3 Qb3# 0-1

[Event "CYCC U12"]
[Site "Ottawa CAN"]
[Date "2013.07.12"]
[Round "5"]
[White "Cai, Jason"]
[Black "Tolentino, Andre Angelo"]
[Result "0-1"]
[WhiteElo "1778"]
[BlackElo "1309"]
[PlyCount "118"]
[GameId "2160767909326427"]
[EventDate "2013.07.10"]
[EventType "swiss"]
[EventRounds "6"]
[EventCountry "CAN"]
[SourceTitle "EXT 2022"]
[Source "ChessBase"]
[SourceDate "2021.10.06"]
[SourceVersion "1"]
[SourceVersionDate "2021.10.06"]
[SourceQuality "1"]

1. e4 e6 2. d4 d5 3. Nd2 dxe4 4. Nxe4 Be7 5. Nf3 Nf6 6. Bd3 Nbd7 7. O-O O-O 8. Bf4 c5 9. c3 Qb6 10. Qe2 cxd4 11. Nxd4 e5 12. Nf5 Re8 13. Be3 Qc6 14. Nxe7+ Rxe7 15. Qf3 Nd5 16. Bg5 Re6 17. Nd2 N7f6 18. Rfe1 Bd7 19. Ne4 Rae8 20. Nxf6+ Nxf6 21. Qxc6 Bxc6 22. Bc4 Bd5 23. Bxd5 Nxd5 24. Rad1 Nb6 25. f3 f6 26. Be3 R8e7 27. Rd3 e4 28. fxe4 Rxe4 29. Kf2 Nc4 30. b3 Ne5 31. Rd8+ Kf7 32. h3 Nc6 33. Rd3 f5 34. Bd2 Ne5 35. Rd8 Rxe1 36. Bxe1 g6 37. c4 a6 38. Bc3 Nc6 39. Rd6 Ke8 40. b4 Re4 41. b5 axb5 42. cxb5 Ke7 43. Rf6 Nd8 44. Rb6 Re6 45. Bb4+ Kd7 46. Rxe6 Kxe6 47. Ke3 Kd5 48. Kd3 Nf7 49. Bc3 Nd6 50. a4 Ne4 51. Bd4 Nc5+ 52. Kc3 Nxa4+ 53. Kd3 Nc5+ 54. Kc3 Ne6 55. Bf2 Nf4 56. Ba7 Nxg2 57. Kb4 f4 58. Ka5 Ne3 59. Kb6 Kc4 0-1

[Event "CYCC U12"]
[Site "Ottawa CAN"]
[Date "2013.07.12"]
[Round "5"]
[White "Chen, Richard"]
[Black "Zhang, Zhehai"]
[Result "1-0"]
[WhiteElo "1916"]
[BlackElo "1498"]
[PlyCount "139"]
[GameId "2160767909326428"]
[EventDate "2013.07.10"]
[EventType "swiss"]
[EventRounds "6"]
[EventCountry "CAN"]
[SourceTitle "hb 2013"]

1. e4 c5 2. Nf3 e6 3. d3 Nc6 4. g3 Qc7 5. Bg2 Nf6 6. O-O Be7 7. Re1 d6 8. c3 O-O 9. Nbd2 b5 10. Nh4 Nd7 11. Nhf3 Bb7 12. Qe2 Bf6 13. Nf1 b4 14. Bd2 Ba6 15. Ne3 Nde5 16. Nxe5 Nxe5 17. c4 Nc6 18. Rab1 Nd4 19. Qd1 Bb7 20. Ng4 Be7 21. h4 Rad8 22. b3 Rfe8 23. Ne3 Bc6 24. Qh5 a5 25. Ng4 Bf8 26. Qg5 Kh8 27. Qh5 Kg8 28. Qg5 Kh8 29. Ne3 Be7 30. Qg4 Qb7 31. f3 d5 32. exd5 exd5 33. cxd5 Bxd5 34. Nxd5 Qxd5 35. f4 Qd6 36. Be4 Bf6 37. h5 Qe6 38. f5 Qd7 39. Kg2 Nc6 40. Bf4 Ne5 41. Qd1 Nxd3 42. Qxd3 Qxd3 43. Bxd3 Rf8 44. Bc4 Bc3 45. Red1 Rd4 46. Rxd4 cxd4 47. Kf3 f6 48. Ke4 Rd8 49. Rd1 Rd7 50. Be6 Re7 51. Bd6 Rb7 52. Bc5 Rb8 53. Bxd4 Rd8 54. Rd3 Bxd4 55. Rxd4 Ra8 56. Rd7 h6 57. Bf7 Kh7 58. Bg6+ Kg8 59. Kd5 Kf8 60. Ke6 a4 61. bxa4 b3 62. axb3 Kg8 63. Ke7 Kh8 64. Rd8+ Rxd8 65. Kxd8 Kg8 66. a5 Kf8 67. a6 Kg8 68. a7 Kf8 69. a8=Q Kg8 70. Ke7# 1-0

[Event "CYCC U12"]
[Site "Ottawa CAN"]
[Date "2013.07.12"]
[Round "5"]
[White "Chen, Samuel"]
[Black "Chertkow, Matthew"]
[Result "1-0"]
[WhiteElo "1339"]
[BlackElo "927"]
[PlyCount "65"]
[GameId "2160767909326429"]
[EventDate "2013.07.10"]
[EventType "swiss"]
[EventRounds "6"]
[EventCountry "CAN"]
[SourceTitle "hb 2013"]

1. d4 Nf6 2. Nf3 d5 3. e3 Nc6 4. Bd3 Bd7 5. b3 e6 6. Bb2 Bd6 7. a3 Qe7 8. Ne5 O-O 9. O-O Ne4 10. f3 Bxe5 11. dxe5 Ng5 12. h4 Nh3+ 13. gxh3 Qxh4 14. Kh2 f6 15. exf6 e5 16. Qe2 Qxh3+ 17. Kg1 Rxf6 18. Rf2 Raf8 19. Nd2 Bg4 20. Rh2 Qg3+ 21. Rg2 Qh4 22. Rxg4 Qh5 23. Qh2 Qxh2+ 24. Kxh2 Rh6+ 25. Kg2 e4 26. Bxg7 exf3+ 27. Nxf3 Rxf3 28. Bxh6+ Kh8 29. Kxf3 Ne5+ 30. Kg3 Nxg4 31. Kxg4 Kg8 32. Rf1 d4 33. Rf8# 1-0

[Event "CYCC U12"]
[Site "Ottawa CAN"]
[Date "2013.07.12"]
[Round "5"]
[White "Dhaliwal, Indervir"]
[Black "Jing, Ryan"]
[Result "1/2-1/2"]
[WhiteElo "1272"]
[BlackElo "869"]
[PlyCount "136"]
[GameId "2160767909326432"]
[EventDate "2013.07.10"]
[EventType "swiss"]
[EventRounds "6"]
[EventCountry "CAN"]
[SourceTitle "hb 2013"]

1. e4 e5 2. Nf3 Nc6 3. d4 exd4 4. c3 dxc3 5. Nxc3 Bc5 6. Bc4 Nf6 7. e5 Qe7 8. O-O Ng4 9. Nd5 Qd8 10. h3 Ngxe5 11. Nxe5 Nxe5 12. Re1 d6 13. Bf4 O-O 14. Bxe5 dxe5 15. Rxe5 c6 16. Nc3 Bxf2+ 17. Kh1 Qf6 18. Re2 Bxh3 19. Ne4 Qh4 20. Nxf2 Bg4+ 21. Kg1 Bxe2 22. Qxe2 Rae8 23. Qg4 Qf6 24. Rf1 Qd6 25. Kh1 Re7 26. Ne4 Qc7 27. Nf6+ Kh8 28. Bd3 h6 29. Qf5 g6 30. Qh3 h5 31. Nxh5 f5 32. Nf4+ Rh7 33. Nxg6+ Kg7 34. Qxh7+ Kxh7 35. Nxf8+ Kg8 36. Rxf5 Qd6 37. Bc4+ Kg7 38. Rf7+ Kh6 39. Rh7+ Kg5 40. Ne6+ Kg4 41. Rg7+ Kf5 42. g4+ Ke4 43. Ng5+ Ke3 44. Rf7 Qd1+ 45. Rf1 Qxg4 46. Rf3+ Kd4 47. Ne6+ Ke5 48. Re3+ Kd6 49. Rd3+ Ke7 50. Rc3 Qd1+ 51. Kg2 Qd2+ 52. Kf3 Qxb2 53. Re3 Qf6+ 54. Nf4+ Kf8 55. Bb3 c5 56. Ba4 Qa1 57. Nh5 Qh1+ 58. Kg4 Qg1+ 59. Kf4 Qf2+ 60. Rf3 Qd4+ 61. Kg5+ Ke7 62. Rf4 Qe5+ 63. Kg6 Qd6+ 64. Kg7 Qe5+ 65. Kg6 Qd6+ 66. Kg7 Qe5+ 67. Kg6 Qe6+ 68. Nf6 Qf7+ 1/2-1/2

[Event "CYCC U12"]
[Site "Ottawa CAN"]
[Date "2013.07.12"]
[Round "5"]
[White "Doknjas, Joshua"]
[Black "Li, William"]
[Result "1-0"]
[WhiteElo "1848"]
[BlackElo "1408"]
[PlyCount "145"]
[GameId "2160767909326433"]
[EventDate "2013.07.10"]
[EventType "swiss"]
[EventRounds "6"]
[EventCountry "CAN"]
[SourceTitle "hb 2013"]

1. e4 c5 2. Nf3 e6 3. d4 cxd4 4. Nxd4 Nf6 5. Nc3 Nc6 6. Ndb5 Bb4 7. a3 Bxc3+ 8. Nxc3 d5 9. exd5 exd5 10. Bd3 O-O 11. O-O d4 12. Ne2 Re8 13. b4 a6 14. Bb2 Re7 15. Nxd4 Nxd4 16. Bxd4 Rd7 17. Bb2 b6 18. Qf3 Nd5 19. Qg3 f6 20. Rfe1 Bb7 21. Bf5 Rd6 22. Rad1 Nf4 23. Rxd6 Qxd6 24. f3 Rd8 25. Bc1 Nd5 26. Qxd6 Rxd6 27. Bd3 b5 28. Kf2 Kf7 29. g3 h6 30. h4 g5 31. hxg5 hxg5 32. Rh1 Ke6 33. g4 Rd7 34. Bf5+ Kd6 35. Bxd7 Kxd7 36. Rh7+ Kc6 37. Bb2 Bc8 38. Bxf6 Nxf6 39. Rh6 Kd5 40. Rxf6 Kd4 41. c3+ Kd3 42. Rc6 Bb7 43. Rc7 Ba8 44. Ra7 Bd5 45. Rd7 Kc4 46. Rxd5 Kxd5 47. Ke3 Kc4 48. Kd2 Kb3 49. f4 gxf4 50. g5 f3 51. g6 f2 52. Ke2 Kxc3 53. g7 Kb3 54. g8=Q+ Kxa3 55. Qg4 Kb3 56. Kxf2 Ka4 57. Ke2 a5 58. bxa5+ Kxa5 59. Kd2 b4 60. Kc2 Ka4 61. Kb2 Kb5 62. Kb3 Kc5 63. Qf5+ Kd4 64. Kxb4 Ke3 65. Qd5 Kf4 66. Kc3 Ke3 67. Qe5+ Kf3 68. Kd2 Kg4 69. Qf6 Kg3 70. Ke3 Kg4 71. Qg6+ Kh4 72. Kf3 Kh3 73. Qg3# 1-0

[Event "CYCC U12"]
[Site "Ottawa CAN"]
[Date "2013.07.12"]
[Round "5"]
[White "Johnson-Constantin, Mathieu"]
[Black "Xie, Patrick"]
[Result "1-0"]
[WhiteElo "1611"]
[BlackElo "1032"]
[PlyCount "96"]
[GameId "2160767909326436"]
[EventDate "2013.07.10"]
[EventType "swiss"]
[EventRounds "6"]
[EventCountry "CAN"]
[SourceTitle "hb 2013"]

1. e4 e6 2. d4 d5 3. e5 c5 4. c3 Nc6 5. Nf3 Qb6 6. Be2 Nh6 7. O-O Nf5 8. dxc5 Bxc5 9. b4 Be7 10. a4 a5 11. b5 Nd8 12. Nd4 Bc5 13. Nxf5 exf5 14. Qxd5 Be6 15. Qf3 Qc7 16. Bf4 Bc8 17. e6 Qe7 18. exf7+ Qxf7 19. Nd2 O-O 20. Rfe1 Be6 21. Rad1 Bd5 22. Qxd5 Qxd5 23. Bc4 Qxc4 24. Nxc4 Nf7 25. Rd7 g5 26. Be3 Bxe3 27. Rxe3 Rfe8 28. Rxe8+ Rxe8 29. Kf1 Rc8 30. Nxa5 Rxc3 31. Nxb7 Ne5 32. Rd5 Rc7 33. Rxe5 Rxb7 34. Rxf5 h6 35. a5 Rc7 36. Rd5 Rc1+ 37. Ke2 Ra1 38. a6 Ra5 39. Rd7 Rxb5 40. a7 Re5+ 41. Kd3 Re8 42. Rb7 h5 43. Rb8 Kf8 44. a8=Q Rxb8 45. Qxb8+ Ke7 46. Qe5+ Kd7 47. Kd4 g4 48. Kc5 h4 1-0

[Event "CYCC U12"]
[Site "Ottawa CAN"]
[Date "2013.07.12"]
[Round "5"]
[White "Ju, Terrence"]
[Black "Yie, Kevin Yi Xiao"]
[Result "0-1"]
[WhiteElo "1374"]
[BlackElo "1577"]
[PlyCount "74"]
[GameId "2160767909326437"]
[EventDate "2013.07.10"]
[EventType "swiss"]
[EventRounds "6"]
[EventCountry "CAN"]
[SourceTitle "EXT 2022"]
[Source "ChessBase"]
[SourceDate "2021.10.06"]
[SourceVersion "1"]
[SourceVersionDate "2021.10.06"]
[SourceQuality "1"]

1. d4 d5 2. c4 c6 3. Nf3 e6 4. Nc3 Bd6 5. e4 dxe4 6. Nxe4 Be7 7. Be2 Nf6 8. Nxf6+ Bxf6 9. O-O O-O 10. Be3 Re8 11. Qb3 Qb6 12. Qc2 Qc7 13. Bd3 g6 14. Rac1 Bg7 15. Qd2 Qd8 16. Bh6 Bh8 17. Bb1 Nd7 18. Qf4 Qf6 19. Qg3 Qd8 20. Nh4 Nf8 21. Rcd1 Bf6 22. Nf3 Bg7 23. Qf4 Qf6 24. Qc1 Bxh6 25. Qxh6 Qg7 26. Qh4 Bd7 27. Ne5 Rad8 28. Rd3 Bc8 29. Rf3 f5 30. Rg3 Nd7 31. Rh3 Nxe5 32. dxe5 Rd7 33. f4 Red8 34. Rhf3 Rd2 35. R3f2 Qd7 36. Rxd2 Qxd2 37. Rf2 Qe1+ 0-1

[Event "CYCC U12"]
[Site "Ottawa CAN"]
[Date "2013.07.12"]
[Round "5"]
[White "Kilroy, Evan"]
[Black "Butchart, Brian"]
[Result "0-1"]
[WhiteElo "1135"]
[BlackElo "809"]
[PlyCount "110"]
[GameId "2160767909326438"]
[EventDate "2013.07.10"]
[EventType "swiss"]
[EventRounds "6"]
[EventCountry "CAN"]
[SourceTitle "hb 2013"]

1. e4 c5 2. Bc4 e6 3. Nc3 a6 4. a4 Qc7 5. Nf3 d6 6. O-O Nf6 7. Re1 Nbd7 8. d3 Be7 9. h3 O-O 10. Bf4 b6 11. Qd2 Bb7 12. Re2 Kh8 13. Rae1 Rac8 14. g4 Rfd8 15. Qe3 Bf8 16. Ng5 Kg8 17. e5 Ne8 18. Bxe6 fxe6 19. Nxe6 Qc6 20. Qe4 d5 21. Nxd8 Rxd8 22. Qg2 Be7 23. e6 Ndf6 24. Qf3 Kh8 25. g5 Ng8 26. h4 Bd6 27. Bxd6 Rxd6 28. e7 d4 29. Qxc6 Bxc6 30. Ne4 Rd7 31. Ng3 Bxa4 32. Re6 Bxc2 33. Rxb6 Bxd3 34. Rb8 Bg6 35. h5 Bf7 36. f4 d3 37. Nf1 Bxh5 38. Nd2 Nxe7 39. Ra8 Kg8 40. Rxa6 Kf7 41. Rc6 Nxc6 42. Kg2 Rb7 43. b3 Nd4 44. Rb1 Nd6 45. Kf2 Re7 46. Kg3 Re2 47. Rd1 N6f5+ 48. Kh3 Re3+ 49. Kg2 Bxd1 50. Kf2 Re2+ 51. Kf1 Rxd2 52. Ke1 Rh2 53. Kxd1 d2 54. g6+ hxg6 55. b4 Ne3# 0-1

[Event "CYCC U12"]
[Site "Ottawa CAN"]
[Date "2013.07.12"]
[Round "5"]
[White "Liang, Hairan"]
[Black "Wu, Brenden"]
[Result "1-0"]
[WhiteElo "1016"]
[BlackElo "1177"]
[PlyCount "39"]
[GameId "2160767909326439"]
[EventDate "2013.07.10"]
[EventType "swiss"]
[EventRounds "6"]
[EventCountry "CAN"]
[SourceTitle "hb 2013"]

1. e4 d6 2. d4 Nf6 3. Nc3 g6 4. Nf3 Bg7 5. Be2 b6 6. O-O Bb7 7. Re1 Nxe4 8. Bb5+ c6 9. Bxc6+ Bxc6 10. Nxe4 Nd7 11. Nxd6+ Kf8 12. d5 Ne5 13. Nxf7 Kxf7 14. dxc6 Qxd1 15. Rxd1 Rac8 16. c3 Rxc6 17. Bh6 Rc7 18. Ng5+ Kg8 19. Rd8+ Bf8 20. Rxf8# 1-0

[Event "CYCC U12"]
[Site "Ottawa CAN"]
[Date "2013.07.12"]
[Round "5"]
[White "Luo, Ricky"]
[Black "Shamroni, Dennis"]
[Result "0-1"]
[WhiteElo "990"]
[BlackElo "1489"]
[PlyCount "46"]
[GameId "2160767909326440"]
[EventDate "2013.07.10"]
[EventType "swiss"]
[EventRounds "6"]
[EventCountry "CAN"]
[SourceTitle "hb 2013"]

1. d4 Nf6 2. c4 g6 3. Nc3 Bg7 4. e4 d6 5. Nf3 O-O 6. Be2 Nbd7 7. O-O e5 8. d5 Nc5 9. Qc2 a5 10. Be3 Ne8 11. a3 f5 12. Bxc5 dxc5 13. Bd3 f4 14. h3 g5 15. Nh2 Rf6 16. f3 h5 17. Qe2 Rg6 18. g4 fxg3 19. f4 gxh2+ 20. Kxh2 exf4 21. Rg1 g4 22. e5 Qh4 23. Bxg6 Qxh3# 0-1

[Event "CYCC U12"]
[Site "Ottawa CAN"]
[Date "2013.07.12"]
[Round "5"]
[White "Pigeau, Nicholas"]
[Black "Hoksbergen, Dante"]
[Result "1-0"]
[WhiteElo "972"]
[BlackElo "838"]
[PlyCount "83"]
[GameId "2160767909326441"]
[EventDate "2013.07.10"]
[EventType "swiss"]
[EventRounds "6"]
[EventCountry "CAN"]
[SourceTitle "hb 2013"]

1. e4 e5 2. Nf3 Nf6 3. Nc3 Nxe4 4. Nxe4 Nc6 5. Nc3 e4 6. Nxe4 Qe7 7. d3 Qb4+ 8. Bd2 Qxb2 9. Qc1 Qb5 10. d4 Qf5 11. Nc3 Qe6+ 12. Be2 Nxd4 13. Nxd4 Qe7 14. Ncb5 Rb8 15. Nxc7+ Kd8 16. Bg5 f6 17. Bf4 Qc5 18. Nb3 Qc6 19. Ne6+ Qxe6 20. Bxb8 b6 21. h3 Ba6 22. Nd4 Bb4+ 23. c3 Qe7 24. O-O Bxe2 25. Nxe2 Qxe2 26. cxb4 Ke7 27. Re1 Qxe1+ 28. Qxe1+ Kf7 29. Bd6 Re8 30. Qc3 Re6 31. Qc7 Kg6 32. Qxd7 Re4 33. a3 a6 34. f3 Rd4 35. Qe8+ Kh6 36. Qe3+ Rf4 37. Qxf4+ g5 38. Bf8+ Kg6 39. Qe4+ f5 40. Qe6+ Kh5 41. g4+ Kh4 42. Qh6+ 1-0

[Event "CYCC U12"]
[Site "Ottawa CAN"]
[Date "2013.07.12"]
[Round "5"]
[White "Sawant, Digvijay"]
[Black "Zhao, Harry"]
[Result "0-1"]
[WhiteElo "1100"]
[BlackElo "1821"]
[PlyCount "42"]
[GameId "2160767909326442"]
[EventDate "2013.07.10"]
[EventType "swiss"]
[EventRounds "6"]
[EventCountry "CAN"]
[SourceTitle "hb 2013"]

1. e4 d5 2. exd5 Qxd5 3. Nc3 Qa5 4. Nf3 Nf6 5. Bc4 Nc6 6. d3 Bg4 7. h3 Bh5 8. Be3 O-O-O 9. g4 Nxg4 10. hxg4 Bxg4 11. d4 e5 12. Bd2 Nxd4 13. Be2 Nxe2 14. Qxe2 Bb4 15. Qe3 Bxc3 16. Bxc3 Qd5 17. Ke2 e4 18. Kf1 Bxf3 19. Rg1 f5 20. Rxg7 Rhg8 21. Rxh7 Qc4+ 0-1

[Event "CYCC U12"]
[Site "Ottawa CAN"]
[Date "2013.07.12"]
[Round "5"]
[White "Su, Michael"]
[Black "Xu, Jeffrey"]
[Result "0-1"]
[WhiteElo "1770"]
[BlackElo "1862"]
[PlyCount "50"]
[GameId "2160767909326443"]
[EventDate "2013.07.10"]
[EventType "swiss"]
[EventRounds "6"]
[EventCountry "CAN"]
[SourceTitle "hb 2013"]

1. e4 e6 2. d4 d5 3. exd5 exd5 4. Bd3 Bd6 5. Ne2 Bg4 6. O-O Nc6 7. f3 Bh5 8. Bf4 Nge7 9. c3 Qd7 10. Bxd6 Qxd6 11. Qd2 O-O-O 12. b4 Rdg8 13. b5 Nd8 14. a4 g5 15. a5 f5 16. Qb2 Ne6 17. Nd2 g4 18. f4 g3 19. Nxg3 Nxf4 20. Bc2 Rxg3 21. hxg3 Ne2+ 22. Kh1 Nxg3+ 23. Kg1 Ne2+ 24. Kh1 Qh6 25. Rxf5 Bf3+ 0-1

[Event "CYCC U12"]
[Site "Ottawa CAN"]
[Date "2013.07.12"]
[Round "5"]
[White "Zhao, Yue Tong (Davy)"]
[Black "Oyama, Kenro"]
[Result "1-0"]
[WhiteElo "1873"]
[BlackElo "1219"]
[PlyCount "64"]
[GameId "2160767909326447"]
[EventDate "2013.07.10"]
[EventType "swiss"]
[EventRounds "6"]
[EventCountry "CAN"]
[SourceTitle "hb 2013"]

1. e4 e5 2. f4 f6 3. fxe5 fxe5 4. Qh5+ g6 5. Qxe5+ Qe7 6. Qxh8 Qxe4+ 7. Kd1 Ne7 8. Nc3 Qe6 9. Qxh7 Qf7 10. Qxf7+ Kxf7 11. Bc4+ Ke8 12. Nf3 c6 13. d4 d5 14. Bd3 Bg4 15. Re1 Kd8 16. Bg5 Bxf3+ 17. gxf3 Kd7 18. Kd2 Na6 19. Bxa6 bxa6 20. Bxe7 Bxe7 21. Na4 Rf8 22. Rf1 c5 23. Nxc5+ Bxc5 24. dxc5 Rh8 25. Rf2 Rb8 26. b3 Rf8 27. Rg2 Rf6 28. Rg4 a5 29. Ra4 g5 30. Rxa5 g4 31. f4 Ke6 32. Ra6+ Kf5 1-0

[Event "CYCC U12"]
[Site "Ottawa CAN"]
[Date "2013.07.12"]
[Round "6"]
[White "Chen, Samuel"]
[Black "Johnson-Constantin, Mathieu"]
[Result "0-1"]
[WhiteElo "1339"]
[BlackElo "1611"]
[PlyCount "100"]
[GameId "2160767909326448"]
[EventDate "2013.07.10"]
[EventType "swiss"]
[EventRounds "6"]
[EventCountry "CAN"]
[SourceTitle "hb 2013"]

1. d4 Nf6 2. Nf3 g6 3. c4 Bg7 4. Nc3 O-O 5. e4 d6 6. Be3 e5 7. Be2 Nc6 8. d5 Ne7 9. Qd2 a5 10. Bd3 Bg4 11. Ng1 a4 12. f3 Bd7 13. Nge2 Re8 14. g4 c6 15. Ng3 Qa5 16. h4 cxd5 17. cxd5 b5 18. a3 Rec8 19. h5 b4 20. axb4 Qxb4 21. Nb5 Qxd2+ 22. Bxd2 Rcb8 23. Nxd6 Rxb2 24. Ke2 Nexd5 25. exd5 Nxd5 26. Nge4 Nf4+ 27. Ke3 f5 28. Nc5 Bh6 29. Bc4+ Nd5+ 30. Ke2 Rxd2+ 31. Ke1 Bc6 32. Ne6 Be3 33. Ra3 Rc2 34. Rf1 f4 35. Kd1 Rd2+ 36. Ke1 Rb8 37. Ra1 Rbb2 38. Rc1 Rdc2 39. Rd1 Nc3 40. Nd4+ Kg7 41. Nxc2 Nxd1 42. Kxd1 Rb1+ 43. Ke2 Rxf1 44. Kxf1 Bxf3 45. hxg6 hxg6 46. g5 Bc5 47. Nb5 Bd1 48. Nba3 Bg4 49. Bb5 f3 50. Bxa4 Bh3+ 0-1

[Event "CYCC U12"]
[Site "Ottawa CAN"]
[Date "2013.07.12"]
[Round "6"]
[White "Chertkow, Matthew"]
[Black "Kilroy, Evan"]
[Result "1-0"]
[WhiteElo "927"]
[BlackElo "1135"]
[PlyCount "49"]
[GameId "2160767909326449"]
[EventDate "2013.07.10"]
[EventType "swiss"]
[EventRounds "6"]
[EventCountry "CAN"]
[SourceTitle "hb 2013"]

1. e4 c5 2. Nf3 d6 3. Nc3 Nc6 4. Bb5 Bd7 5. Bxc6 Bxc6 6. d4 cxd4 7. Nxd4 Nf6 8. Nxc6 bxc6 9. Bg5 e6 10. O-O g6 11. Qf3 Bg7 12. e5 dxe5 13. Qxc6+ Ke7 14. Rfd1 Rc8 15. Qb7+ Qc7 16. Qb5 Rb8 17. Qd3 Rxb2 18. Nb5 Qd8 19. Qa3+ Ke8 20. Rxd8+ Kxd8 21. Qxb2 Ke7 22. Qxe5 Rc8 23. Rd1 Rc6 24. Qb8 Rb6 25. Qd8# 1-0

[Event "CYCC U12"]
[Site "Ottawa CAN"]
[Date "2013.07.12"]
[Round "6"]
[White "Doknjas, Joshua"]
[Black "Chen, Richard"]
[Result "1/2-1/2"]
[WhiteElo "1848"]
[BlackElo "1916"]
[PlyCount "126"]
[GameId "2160767909326451"]
[EventDate "2013.07.10"]
[EventType "swiss"]
[EventRounds "6"]
[EventCountry "CAN"]
[SourceTitle "hb 2013"]

1. e4 c5 2. Nf3 Nc6 3. Bb5 Nf6 4. Bxc6 dxc6 5. d3 g6 6. Nc3 Bg7 7. h3 O-O 8. Be3 b6 9. Qd2 Ne8 10. Bh6 Nc7 11. Bxg7 Kxg7 12. O-O-O Ne6 13. h4 h5 14. Rdg1 Rh8 15. Nh2 Qd6 16. g3 Nd4 17. Ne2 e5 18. Nxd4 cxd4 19. f4 Qe6 20. Kb1 Qe7 21. fxe5 Qxe5 22. Nf3 Qd6 23. c3 c5 24. Qf4 Qxf4 25. gxf4 Bg4 26. Ne5 f5 27. cxd4 cxd4 28. Nxg4 hxg4 29. e5 Kf7 30. Rc1 Rac8 31. Rxc8 Rxc8 32. h5 gxh5 33. Rxh5 Ke6 34. Rh6+ Kf7 35. Rf6+ Ke7 36. Rh6 Rg8 37. Kc2 g3 38. Rh1 g2 39. Rg1 Ke6 40. Kd2 Kd5 41. Ke2 Rg3 42. Kf2 Rxd3 43. Rxg2 Ke4 44. Ke1 Kxf4 45. e6 Rh3 46. e7 Rh8 47. Rd2 Re8 48. Rxd4+ Ke5 49. Rd7 a5 50. Rb7 Kd6 51. Rxb6+ Kxe7 52. Kf2 Rc8 53. Kf3 Rc5 54. Kf4 Kf7 55. Kg5 Ke7 56. a4 f4+ 57. Kg4 Rc4 58. b3 Rd4 59. Rb5 Kd6 60. Rxa5 Rb4 61. Rh5 Rxb3 62. Kxf4 Rb4+ 63. Ke3 Rxa4 1/2-1/2

[Event "CYCC U12"]
[Site "Ottawa CAN"]
[Date "2013.07.12"]
[Round "6"]
[White "Fox, Dylan"]
[Black "Zhan, Andrew"]
[Result "0-1"]
[WhiteElo "747"]
[BlackElo "1035"]
[PlyCount "94"]
[GameId "2160767909326453"]
[EventDate "2013.07.10"]
[EventType "swiss"]
[EventRounds "6"]
[EventCountry "CAN"]
[SourceTitle "hb 2013"]

1. e4 e6 2. d4 d5 3. e5 c5 4. c3 Qa5 5. Bd2 cxd4 6. cxd4 Bb4 7. Nc3 Nc6 8. Nf3 f6 9. a3 Bxc3 10. bxc3 fxe5 11. c4 Qc7 12. cxd5 exd5 13. dxe5 Bg4 14. Qb3 Bxf3 15. Qxf3 Qxe5+ 16. Be2 Qxa1+ 17. Bd1 Qe5+ 18. Be2 Nd4 19. Qh5+ Qxh5 20. Bxh5+ Kf8 21. O-O Nf6 22. Bb4+ Kg8 23. Bd1 Kf7 24. Re1 Rhe8 25. Rf1 Ne2+ 26. Kh1 a5 27. Bc5 Rac8 28. Be3 Nc3 29. Bf3 Nce4 30. Kg1 Rc3 31. Bd4 Rxa3 32. Bxf6 Nxf6 33. h3 b5 34. Rc1 d4 35. Bc6 Re5 36. f4 Rf5 37. g4 Rxf4 38. Bxb5 d3 39. Rc7+ Kg6 40. Rc6 d2 41. Be2 Ra1+ 42. Kg2 d1=Q 43. Bxd1 Rxd1 44. Kg3 Ra4 45. Rc3 Ne4+ 46. Kf4 Nxc3+ 47. Ke5 Re4# 0-1